000 00396nam a2200157Ia 4500
008 180921t1907 xxu||||| |||| 00| 0 eng d
041 _aeng
080 _a(x)639.1
_bSTO
100 _aStorey, Harry
245 _aHunting and Shooting in Ceylon
260 _bTisara
_aDehiwala
_c1907
300 _a275p., ill., 22 cm
942 _cBK
999 _c13446
_d13446
003 LK-CoDNM
040 _aLK-CoDNM
_dLK-CoDNM
_eLK-CoDNM